Statistiques concernant Animé - One Piece : 60 personnages non principaux avant l'ellipse

Cliquez ici pour prendre le quiz!

Statistiques générales

  • Ce quiz a été pris 259 fois
  • Le résultat moyen est 18 sur 60

Statistiques - réponses

SagaPerso% Correct
East BlueZeff
61%
AlabastaPell
58%
East BlueKuro
53%
East BlueAlvida
51%
East BlueMakino
49%
Water SevenIcebarg
48%
Thriller barkPerona
44%
Thriller barkAbsalom
43%
AlabastaChaka
43%
East Blue / Guerre au sommetHachi
43%
East BlueJango
43%
East BlueGin
42%
East BlueNojiko
42%
East BlueBelmer
41%
Ile célesteWiper
39%
AlabastaIgaram
38%
AlabastaKoza
38%
East BlueCabaji
37%
AlabastaKaloo
37%
Water SevenPauly
37%
Water SevenTom
37%
Ile célesteConis
36%
Thriller barkHogback
36%
Water SevenKokoro
36%
East BlueMorge
32%
AlabastaCrocus
30%
Guerre au sommetDadan
29%
AlabastaLaboon
29%
East BlueRichie
29%
Water SevenSpandam
29%
AlabastaBrogy
28%
AlabastaDorry
28%
East BlueKrieg
28%
AlabastaKureha
28%
Thriller barkLaura
26%
Water SevenJabura
25%
Guerre au sommetInazuma
24%
Ile célesteNorland
24%
AlabastaWapol
24%
Ile célesteKalgara
22%
Guerre au sommetKeimi
22%
Ile célesteCricket
21%
Guerre au sommetMargaret
21%
Guerre au sommetSquardo
21%
Guerre au sommetMarigold
20%
Guerre au sommet / Water sevenMomonga
20%
Guerre au sommetSandersonia
20%
Water SevenFukuro
19%
Guerre au sommetHannyabal
19%
Guerre au sommetSentomaru
19%
Water SevenKumadori
18%
Water SevenFoxy
17%
Guerre au sommetPappag
17%
Guerre au sommetSady
16%
Guerre au sommetShakky
15%
Guerre au sommetBepo
14%
Guerre au sommetDuval
14%
Water SevenSauro
10%
Guerre au sommetNyon
9%
Guerre au sommetCharloss
8%

Distribution des résultats

Percentile par nombre de réponses

% des personnes avec chaque résultat

Votre développement - résultats

Vous n’avez pas pris ce quiz